000
00260nam a22001097a 4500
040
_c
330
082
_a
330 NIC 1971 C083
100
_a
NICHOLAS GEORGESCU
245
_a
The entropy law and the economic process
260
_a
Phnom Penh
_b
NIC
_c
1971
942
_c
EK
999
_c
11041
_d
11041